| 000 | 00437 a2200169 4500 | ||
|---|---|---|---|
| 003 | Nust | ||
| 005 | 20230331091912.0 | ||
| 040 | _cNust | ||
| 082 | _a808.83,NAB | ||
| 100 |
_aNabokov, Valdimir _9111621 |
||
| 245 |
_aLolita / _cValdimir Nabokov, |
||
| 260 |
_aLondon _bWeidenfeld and Nicolson _c1955 |
||
| 300 | _a319 p | ||
| 505 | _aPart No 1(Page-10), Part No 2 (Page-141). | ||
| 650 |
_aNovel _92525 |
||
| 942 |
_2ddc _cBK _k808.83,NAB |
||
| 999 |
_c191008 _d191008 |
||